Economics : (Record no. 8213)

MARC details
000 -LEADER
fixed length control field 00525cam a2200205ua 4500
001 - CONTROL NUMBER
control field 9149
005 - DATE AND TIME OF LATEST TRANSACTION
control field 20260515114431.0
008 - FIXED-LENGTH DATA ELEMENTS--GENERAL INFORMATION
fixed length control field 150223n ii |||gr||||Z||||||eng
040 ## - CATALOGING SOURCE
Transcribing agency MAIN
041 ## - LANGUAGE CODE
Language code of text/sound track or separate title eng
082 ## - DEWEY DECIMAL CLASSIFICATION NUMBER
Classification number 330.01
100 ## - MAIN ENTRY--PERSONAL NAME
Personal name Barua, D. Kr.,
Relator term Author.,
245 1# - TITLE STATEMENT
Title Economics :
Remainder of title Economic theory and problems of indian economics /
Statement of responsibility, etc. By Dilip Kr. Barua .
250 ## - EDITION STATEMENT
Edition statement 9th.
260 ## - PUBLICATION, DISTRIBUTION, ETC.
Place of publication, distribution, etc. Guwahati:
Name of publisher, distributor, etc. Assam,
Date of publication, distribution, etc. 2007.
300 ## - PHYSICAL DESCRIPTION
Extent 306p.
653 ## - INDEX TERM--UNCONTROLLED
Uncontrolled term Economics
700 ## - ADDED ENTRY--PERSONAL NAME
Personal name Barua, I.,
Relator term Author.
942 ## - ADDED ENTRY ELEMENTS (KOHA)
Koha item type Books
Holdings
Withdrawn status Lost status Damaged status Not for loan Home library Current library Shelving location Date acquired Total checkouts Full call number Barcode Date last seen Copy number Price effective from Koha item type
        Naharkatiya College Library Naharkatiya College Library General stacks 09/19/2020   330.01 | BAR 17704 09/19/2020 2 09/19/2020 Books
        Naharkatiya College Library Naharkatiya College Library General stacks 09/19/2020   330.01 | BAR 17705 09/19/2020 1 09/19/2020 Books